Pays avec le plus de pratiquants bouddhistes - Statistiques

Statistiques générales
  • Ce quiz a été pris 264 fois
    254 depuis la dernière actualisation
  • Le résultat moyen est 13 sur 15
Statistiques - réponses
Population Réponse % Correct
275 millions Chine
100%
11 millions Inde
98%
50 millions Japon
95%
61 millions Thailande
92%
72 millions Viet nam
92%
6,2 millions Laos
89%
39 millions Corée du Sud
88%
13 millions Cambodge
87%
43 millions Birmanie
86%
3 millions Népal
83%
2,7 millions Mongolie
82%
5,4 millions Malaisie
77%
14 millions Sri Lanka
72%
6 millions États-Unis
66%
2,4 millions Singapour
65%
Aucun quiz correspondant
Distribution des résultats
% des personnes avec chaque résultat
Percentile par nombre de réponses
Votre historique - résultats
Vous n’avez pas pris ce quiz depuis la dernière actualisation